00000000nam##2200000za#4500
0019.588011
003CaOODSP
00520210624194919
007cr |||||||||||
008150406|2007||||xxc|||||o    f|0| 0 eng|d
022 |a1701-1280
040 |aCaOODSP|beng
041 |aeng
041 |afre
043 |an-cn---
0861 |aFs70-4/2006-028-PDF
1101 |aCanada. |bDepartment of Fisheries and Oceans.
24510|aNational science workshop - development of criteria to identify ecologically and biologically significant species (EBSS) : |h[electronic resource]|bSeptember 6-8, 2006, Lord Elgin Hotel, Ottawa, Ontario / |cJake Rice, chair ; Henry Lear, editor.
260 |aOttawa - Ontario : |bFisheries and Oceans Canada |cMay 2007.
300 |a51p.
4901 |aCanadian Science Advisory Secretariat proceedings series|x1701-1280|v2006/028
504 |aBibliography.
590 |a11-31-Supp|b2011-12-13
7201 |aRice, Jake
7201 |aLear, Henry
792 |tAtelier national des Sciences : élaboration de critères pour désigner les espèces d'importance biologique et écologique : |efre|w(CaOODSP)9.588012
830#0|aProceedings series (Canadian Science Advisory Secretariat)|x1701-1280|v2006/028|w(CaOODSP)9.500507
85640|ahttp://publications.gc.ca|qPDF|s271 KB|uhttps://publications.gc.ca/collections/collection_2011/mpo-dfo/Fs70-4-2006-028.pdf|y2006/028